| 000 | 00448nam a22001337a 4500 | ||
|---|---|---|---|
| 040 | _cNUST | ||
| 082 | _a200 THE | ||
| 100 |
_aRab Nawaz _984288 |
||
| 110 |
_aSupervisor Dr. Ali Hassan _984289 |
||
| 245 | _aTH-SOF-1868-Sensor-Based Human Activities Recognition and User’s Authentication Using Machine Learning Algorithms | ||
| 260 |
_aISLAMABAD: _bNUST COLLEGE OF EME, _c2021. |
||
| 650 |
_aMS-COMPUTER ENGINEERING-18 _984290 |
||
| 942 |
_2ddc _cTHE |
||
| 999 |
_c586799 _d586799 |
||